Numerical and Data-Driven Modelling in Coastal, Hydrological and Hydraulic Engineering (Record no. 34713)
[ view plain ]
| 000 -LEADER | |
|---|---|
| fixed length control field | 00833nam a2200133Ia 4500 |
| 008 - FIXED-LENGTH DATA ELEMENTS--GENERAL INFORMATION | |
| fixed length control field | 220620s9999||||xx |||||||||||||| ||und|| |
| 020 ## - INTERNATIONAL STANDARD BOOK NUMBER | |
| International Standard Book Number | 9783040000000 |
| 245 #0 - TITLE STATEMENT | |
| Title | Numerical and Data-Driven Modelling in Coastal, Hydrological and Hydraulic Engineering |
| 546 ## - LANGUAGE NOTE | |
| Language note | English[eng] |
| 650 ## - SUBJECT ADDED ENTRY--TOPICAL TERM | |
| Topical term or geographic name entry element | numerical modelling||unstructured meshes||finite volume||North Sea||salinity||deep learning||martinez boundary salinity generator||Sacramento–San Joaquin Delta||residence time||exposure time||transport time scale||hyper-tidal estuary||singular value decomposition||data assimilation||ocean models||observation strategies||ocean forecasting systems||ocean Double Gyre||4D-Var||ROMS||MEOF||initial ensemble||ensemble spread||LETKF||n/a |
| 700 ## - ADDED ENTRY--PERSONAL NAME | |
| Personal name | Fang, Fangxin |
| 856 ## - ELECTRONIC LOCATION AND ACCESS | |
| Uniform Resource Identifier | <a href="https://mdpi.com/books/pdfview/book/3943">https://mdpi.com/books/pdfview/book/3943</a> |
| 942 ## - ADDED ENTRY ELEMENTS (KOHA) | |
| Koha item type | E-Books |
| Withdrawn status | Lost status | Damaged status | Not for loan | Home library | Current library | Date acquired | Total Checkouts | Date last seen | Price effective from | Koha item type |
|---|---|---|---|---|---|---|---|---|---|---|
| Kerala University of Digital Sciences, Innovation and Technology Knowledge Centre | Kerala University of Digital Sciences, Innovation and Technology Knowledge Centre | 20/06/2022 | 20/06/2022 | 20/06/2022 | E-Books |